| 000 | 004030000a22001690004500 | ||
|---|---|---|---|
| 003 | LK-CoMWRAF | ||
| 005 | 20230930203237.0 | ||
| 008 | 230817t ||||| |||| 00| 0 eng d | ||
| 040 |
_aLK-CoMWRAF _dLK-CoMWRAF _eLK-CoMWRAF |
||
| 041 | _aeng | ||
| 082 |
_a297.122 _bHOL |
||
| 245 | _aThe Holy Quran | ||
| 260 | _c1955 | ||
| 300 | _ap.643 | ||
| 650 | _aArabic Text and English Translation | ||
| 942 | _cBK | ||
| 999 |
_c1697 _d1697 |
||